00238pam a2200109 a 4500020000500000041000800005082000800013100001400021245004200035260004100077300001000118 c aeng bAUS aAusten J. aPride & Prejudice hTextual Documents aNew DelhibMacmillan India Ltdc1991 a374p.